The weekly law reports of the Incorporated Council of Law Reporting

Cover title Containing decisions in the House of Lords, the Privy Council, the Supreme Court of Judicature, Assize Courts and Ecclesiastical Courts

Saved in:
书目详细资料
企业作者: Colinvaux, R.P. (editor)
格式: 图书
出版: London: Incorporated Council of Law Reporting for England and Wales, London, [1953]-
主题:
标签: 添加标签
没有标签, 成为第一个标记此记录!

MARC

LEADER 00000nam a2200000 4500
020 |a 0406088004  |c Tzs 90,000/= 
022 |a 0406088713 
082 |a REF 348.42041 WEE  |b 1 
110 |d Incorporated Council of Law Reporting for England and Wales, Great Britain 
245 |a  The weekly law reports of the Incorporated Council of Law Reporting  |c / Incorporated Council of Law Reporting for England and Wales, Great Britain, edited by R.P Colinvaux 
260 |a London:   |b Incorporated Council of Law Reporting for England and Wales, London,   |c [1953]- 
300 |a v.1: lxviii,1504p.; v.2: xlix,1210p.; v.3: xxxix, 1149p.:  |c 26cm 
500 |a Cover title Containing decisions in the House of Lords, the Privy Council, the Supreme Court of Judicature, Assize Courts and Ecclesiastical Courts 
505 |a Cover title Containing decisions in the House of Lords, the Privy Council, the Supreme Court of Judicature, Assize Courts and Ecclesiastical Courts 
520 |a Cover title Containing decisions in the House of Lords, the Privy Council, the Supreme Court of Judicature, Assize Courts and Ecclesiastical Courts 
546 |a eng. 
650 |a Law digests| Law reports, digests, etc. | Trials, litigation, etc  |a Law Great Britain Cases Law reports,  |z Great Britain 
710 |a Colinvaux, R.P. (editor) 
942 |c CC 
999 |c 372  |d 372